000 00449 a2200145 4500
020 _a0131110608
040 _aDLC
_bDLC
082 0 0 _a621.381
100 1 _aCook, Nigel P.,
245 1 0 _aPractical digital electronics
_cNigel P. Cook.
260 _aUpper Saddle River, NJ :
_bPearson Prentice Hall,
_c2004.
300 _axiv, 434 p. :
_bill. (some col.) ;
_c29 cm.
_e+1 CD-ROM (4 3/4 in.)
650 0 _aDigital electronics
942 _cBK
_k621.381 COD
_2ddc
999 _c7930
_d7930